|
|
|
|
| LEADER |
00000cam a2200000 7i4500 |
| 001 |
0000004992 |
| 002 |
000005383 |
| 005 |
20000330.0 |
| 020 |
|
|
|a T000000431
|
| 090 |
0 |
0 |
|a 297.23
|b SYA
|
| 100 |
0 |
|
|a Shaikh Abdul Latif Musytahariy
|
| 245 |
1 |
0 |
|a Bakal menghadapi kematian
|c Syaikh Abdul Latif Musytahariy ; diterjemah oleh Drs.Syahrin Narzution
|
| 260 |
|
|
|a Kuala Lumpur :
|b Pustaka Al-Mizan ,
|c 1992
|
| 300 |
|
|
|a 200p. ;
|c 20cm.
|
| 650 |
0 |
0 |
|a Death
|x Religious aspects
|x Islam
|
| 650 |
0 |
0 |
|a Eschatology, Islamic
|
| 650 |
0 |
0 |
|a Here after (Islam)
|
| 700 |
0 |
|
|a Syahrin Narzution ,
|e Drs
|
| 999 |
|
|
|a 033547
|b BUKU
|c PINJAMAN
|e PERPUSTAKAAN KOMUNITI PETALING JAYA
|